| 000 | 00524nam a2200169Ia 4500 | ||
|---|---|---|---|
| 003 | GCL | ||
| 008 | 140319s9999 xx 000 0 ara d | ||
| 040 |
_aGCL / _cGCL |
||
| 082 | 0 | 4 |
_a413.23 _bس ق |
| 100 | 1 | _aسبيرو- سقراط | |
| 245 | 1 | 0 |
_aقاموس اللهجة العامية المصرية ( عربى- انجليزى ) / _cسبيرو- سقراط |
| 260 |
_a[S.N] : _bمكتبة لبنان ، _c1980 |
||
| 300 | _a659 ص | ||
| 650 | 0 | 4 | _aعربى\انجليزى |
| 650 | 0 | 4 | _aالمعاجم |
| 942 |
_2ddc _cREF |
||
| 999 |
_c59727 _d59727 |
||